000
00281nam a22001217a 4500
008
180315b xxu||||| |||| 00| 0 eng d
041
_a
eng
080
_a
78
100
_a
45
101
_a
MUZ
245
_a
THE NINE SYMPHONIES BEETHOVEN IN SCORE
_c
WIER.A.E
942
_2
udc
_c
BK
999
_c
45089
_d
45089